Essai sur les systèmes métriques et monétaires des anciens peuples (Record no. 167052)

MARC details
000 -LEADER
campo de control de longitud fija 01071nam a2200217 i 4500
001 - NÚMERO DE CONTROL
campo de control 167052
003 - IDENTIFICADOR DE NÚMERO DE CONTROL
campo de control ES-MaACL
005 - FECHA Y HORA DE LA ÚLTIMA TRANSACCIÓN
campo de control 20250724075057.0
008 - DATOS DE LONGITUD FIJA--INFORMACIÓN GENERAL
campo de control de longitud fija 931025s1859 fr |||| | fre d
080 ## - NÚMERO DE LA CLASIFICACIÓN DECIMAL UNIVERSAL
Número de la Clasificación Decimal Universal 006.91
100 1# - ENTRADA PRINCIPAL--NOMBRE DE PERSONA
Nombre de persona Vázquez Queipo, Vicente,
Fechas asociadas al nombre 1804-1893
9 (RLIN) 113475
245 10 - MENCIÓN DEL TÍTULO
Título Essai sur les systèmes métriques et monétaires des anciens peuples
Resto del título : depuis les premiers temps historiques jusqu'à la fin du Khalifat d'orient /
Mención de responsabilidad, etc. par Don V. Vázquez Queipo.
260 ## - PUBLICACIÓN, DISTRIBUCIÓN, ETC.
Lugar de publicación, distribución, etc. Paris :
Nombre del editor, distribuidor, etc. chez Dalmont et Dunod libraire-editeurs :
-- et chez Rollin, libraire-editeur,
Fecha de publicación, distribución, etc. 1859 (
Fabricante Imprimé chez Bonaventure et Ducessois)
300 ## - DESCRIPCIÓN FÍSICA
Extensión 3 v. (XXII, 608, [3] h. pleg.; XIV, 455 ; 663 p.) ;
Dimensiones 26 cm.
597 ## - NOTA DE DESCRIPCIÓN FÍSICA
NOTA DE DESCRIPCIÓN FÍSICA El T. III, dividido en dos partes, con port. propia : Première partie des tables monnaies grecques ; Deuxième partie des tables monnaies romaines et arables.
650 #7 - PUNTO DE ACCESO ADICIONAL DE MATERIA--TÉRMINO DE MATERIA
Término de materia o nombre geográfico como elemento de entrada Pesos y medidas
Fuente del encabezamiento o término embne
9 (RLIN) 136691
650 04 - PUNTO DE ACCESO ADICIONAL DE MATERIA--TÉRMINO DE MATERIA
Término de materia o nombre geográfico como elemento de entrada Moneda.
9 (RLIN) 15153
752 ## - ENTRADA AGREGADA--NOMBRE JERÁRQUICO DEL LUGAR
País o entidad superior Francia -
Ciudad París
852 ## - LOCALIZACIÓN
Ubicación ES-MaACL
Número de control de estantería F-5657-59
Nota libre -- Enc. hol.
Holdings
Estatus retirado Estado de pérdida Estado de daño No para préstamo Colección Biblioteca de origen Biblioteca actual Ubicación en estantería Fecha de adquisición Total de préstamos Signatura topográfica completa Código de barras Visto por última vez Precio de reemplazo Tipo de ítem Koha
        Libros del s. XIX Biblioteca del Ateneo de Madrid Biblioteca del Ateneo de Madrid Depósito 2 17/01/2008   F-5657-59 1175234 23/02/2023 23/02/2023 Libro impreso antiguo